01101nam a2200265Ia 4500008004100000020001800041050001600059050001800075245001600093245006000109245008300169260001500252260002200267260000900289300001600298300005200314300001100366440000600377500026000383650004700643650002800690650004000718650003300758650004400791161112s9999 xx 000 0 und d a962-258-225-7 aREF DS 655  b.K37 1998 v.2 0aKasaysayan: 4bthe story of Filipino people : the earliest Filipinos / 0cGabriel S. Casal, Eusebio Z. Dizon, Wilfredo P. Ronquillo, Cecilio G. Salcedo. a[s. l. ] : bAsia Publishing,  c1998 a302 pages : billustrations (some color), maps (some color) ; c29 cm. v2 aIncludes bibliographical references and index. v. 1. The Philippine archipelago / Raymundo S. Punongbayan, Prescillano M. Zamora, Perry S. Ong -- v. 2. The Earliest Filipino / Fr. Gabriel S. Casal ... [et al.] -- v. 3. The Spanish conquest / Jose S. Arcil aPhilippines -- History -- Pictorial works. aPhilippines -- History. aPhilippines Description and Travel. xPhilippines -- Civilization. xPhilippines -- Politics and Government.